Music Quiz

Random Music or Artist Quiz

Artists on Qlimax 2009 Quiz Stats

 Plays Quiz not verified by Sporcle

Challenge
Share
Tweet
Embed
Score 0/10 Timer 03:00
0 Plays Today
Time DJ % Correct
3:30-4:45Headhunterz
87.5%
22:00-23:00DJ Isaac
83.3%
4:45-5:15Noisecontrollers
83.3%
0:30-1:45Brennan Heart
79.2%
1:45-2:30Technoboy
79.2%
2:30-3:30D-Block & S-Te-Fan
75%
23:00-0:00A-Lusion
62.5%
24:00-0:30Davide Sonar
62.5%
5:15-6:30Deepack
62.5%
6:30-7:00Noize Supressor
54.2%

You're not logged in!

Compare scores with friends on all Sporcle quizzes.
OR
Log In

You Might Also Like...

Show Comments

Extras

Created Jan 12, 2010ReportNominate
Tags:Artist Quiz, 2009

Top Quizzes Today


Score Distribution

Your Account Isn't Verified!

In order to create a playlist on Sporcle, you need to verify the email address you used during registration. Go to your Sporcle Settings to finish the process.

Report this User

Report this user for behavior that violates our Community Guidelines.

Details: